[Event "14th EUR-ch"]
[Site "Legnica POL"]
[Date "2013.05.11"]
[Round "7"]
[White "Beliavsky, Alexander"]
[Black "Romanov, Evgeny"]
[Result "1/2-1/2"]
[WhiteElo "2628"]
[BlackElo "2640"]
[EventDate "2013.05.05"]
[PlyCount "101"]

1.d4 d5 2.c4 dxc4 3.e4 Nf6 4.e5 Nd5 5.Bxc4 Nb6 6.Bb3 Nc6 7.Ne2 Bf5 8.Nbc3 
e6 9.O-O Qd7 10.a3 Be7 11.Be3 Rd8 12.Qc1 Bd3 13.Rd1 Na5 14.Ba2 Bc4 15.Bxc4
Nbxc4 16.Rb1 Nxe3 17.Qxe3 Nc4 18.Qg3 O-O 19.Nf4 Kh8 20.Nh5 Rg8 21.Qf4 Nb6 
22.Rd3 Rdf8 23.Rh3 Nd5 24.Qe4 g6 25.Nf4 c6 26.Rd1 Rg7 27.Rf3 Bg5 28.Nfe2 
f5 29.exf6 Rxf6 30.Rg3 Rf5 31.Qc2 Bh4 32.Rf3 Rxf3 33.gxf3 Rf7 34.Qe4 Bf6 
35.Qg4 e5 36.dxe5 Bxe5 37.Nxd5 cxd5 38.Rd2 Qd6 39.h3 h5 40.Qc8+ Kh7 41.Nc3
Qf6 42.Rd3 Rc7 43.Qe8 Re7 44.Qc8 Rc7 45.Qe8 Re7 46.Qc8 Bd4 47.Kf1 Qe5 48.
Kg2 Qg5+ 49.Kf1 Qe5 50.Kg2 Qg5+ 51.Kf1 1/2-1/2

[Event "14th EUR-ch"]
[Site "Legnica POL"]
[Date "2013.05.11"]
[Round "7"]
[White "Korobov, Anton"]
[Black "Lysyi, Igor"]
[Result "0-1"]
[WhiteElo "2705"]
[BlackElo "2641"]
[EventDate "2013.05.05"]
[PlyCount "180"]

1.d4 Nf6 2.c4 e6 3.Nc3 Bb4 4.e3 O-O 5.Bd3 c5 6.Nf3 d5 7.O-O cxd4 8.exd4 
dxc4 9.Bxc4 b6 10.Re1 Bb7 11.Bd3 h6 12.a3 Bd6 13.Qe2 Nbd7 14.Bd2 Nd5 15.
Rad1 Bf4 16.Nxd5 Bxd2 17.Qe4 g6 18.Rxd2 Bxd5 19.Qe3 Bxf3 20.Qxf3 Nf6 21.
Ba6 Kg7 22.g3 Qd6 23.Rc1 Rad8 24.Kg2 Qb8 25.Qc6 Rd7 26.Bc8 Rdd8 27.Ba6 Rd7
28.Bc8 Re7 29.Ba6 Rd8 30.Be2 Red7 31.Rc4 a6 32.Rcc2 Qa7 33.Bf3 b5 34.b4 
Rxd4 35.Rxd4 Rxd4 36.Qb7 Qxb7 37.Bxb7 Rd3 38.Ra2 Rd6 39.Rc2 Nd7 40.Rc6 
Rxc6 41.Bxc6 Nb8 42.Ba8 Kf6 43.f4 Ke7 44.Kf3 Kd6 45.Ke4 f6 46.h4 Nc6 47.g4
f5+ 48.gxf5 gxf5+ 49.Ke3 Ne7 50.Bb7 Kc7 51.Bf3 Nc6 52.Bg2 Kd6 53.Bf3 Ne7 
54.Bb7 Kc7 55.Bf3 Ng6 56.Bh5 Nf8 57.Kd4 Kd6 58.Kd3 Nd7 59.Bf3 Nb6 60.Bb7 
Nc4 61.Bxa6 Nxa3 62.Kc3 Nc4 63.Kd4 Nb6 64.Bb7 Nd7 65.Bf3 Nf6 66.Bb7 Ne8 
67.Bg2 Nf6 68.Bf3 Ng8 69.Be2 Ne7 70.Bxb5 Nd5 71.Kc4 Nxf4 72.Be8 e5 73.b5 
Nd5 74.Bg6 Nb6+ 75.Kd3 Ke6 76.Bh5 Kf6 77.Bf3 e4+ 78.Bxe4 fxe4+ 79.Kxe4 h5 
80.Kf4 Nd5+ 81.Kg3 Kf5 82.Kf3 Nb6 83.Kg3 Ke4 84.Kg2 Kf4 85.Kh2 Kg4 86.Kg2 
Kxh4 87.Kh2 Kg4 88.Kg2 Nd5 89.Kh2 Kf5 90.Kg3 Ke6 0-1

[Event "14th EUR-ch"]
[Site "Legnica POL"]
[Date "2013.05.11"]
[Round "7"]
[White "Dubov, Daniil"]
[Black "Navara, David"]
[Result "1/2-1/2"]
[WhiteElo "2622"]
[BlackElo "2697"]
[EventDate "2013.05.05"]
[PlyCount "81"]

1.d4 Nf6 2.c4 g6 3.g3 Bg7 4.Bg2 d5 5.cxd5 Nxd5 6.Nf3 Nb6 7.Nc3 Nc6 8.e3 
O-O 9.O-O Re8 10.h3 a5 11.Qc2 e5 12.Nxe5 Nxe5 13.dxe5 Bxe5 14.f4 Bxc3 15.
Qxc3 Bf5 16.b3 Qd3 17.Qxd3 Bxd3 18.Bxb7 Bxf1 19.Bxa8 Bxh3 20.Bf3 Bf5 21.
Bd2 a4 22.Rc1 axb3 23.axb3 Be6 24.Rxc7 Bxb3 25.e4 h5 26.Kf2 Be6 27.Bc3 Rc8
28.Rxc8+ Nxc8 29.Ke3 Nd6 30.Bb4 Ne8 31.Kd4 f6 32.Be2 Ng7 33.Kc5 Kf7 34.Bb5
f5 35.e5 Ba2 36.Kd6 Ne6 37.Bd7 Bb3 38.Ba5 Ba2 39.Bb6 Bb3 40.Ba5 Ba2 41.Bb6
1/2-1/2

[Event "14th EUR-ch"]
[Site "Legnica POL"]
[Date "2013.05.11"]
[Round "7"]
[White "Almasi, Zoltan"]
[Black "Tkachiev, Vladislav"]
[Result "1/2-1/2"]
[WhiteElo "2695"]
[BlackElo "2632"]
[EventDate "2013.05.05"]
[PlyCount "89"]

1.e4 e5 2.Nf3 Nc6 3.Bb5 a6 4.Ba4 Nf6 5.O-O Be7 6.d3 b5 7.Bb3 O-O 8.a4 b4 
9.Nbd2 d6 10.a5 Rb8 11.h3 h6 12.Nc4 Be6 13.Be3 Qc8 14.Re1 Rd8 15.Qe2 Qb7 
16.Nfd2 Nd7 17.c3 Nf6 18.Ba4 bxc3 19.bxc3 Na7 20.Qd1 Nb5 21.Qc2 Nd7 22.Nf3
Nf6 23.Ncd2 c5 24.Bb3 Bxb3 25.Qxb3 Qc7 26.Qc2 Na7 27.Nc4 Nc6 28.Bd2 Rb5 
29.Ra4 Rdb8 30.Nb6 Rxa5 31.Nd5 Nxd5 32.exd5 Rxa4 33.Qxa4 Na5 34.c4 Nb3 35.
Qxa6 Nxd2 36.Nxd2 f5 37.Rb1 Bg5 38.Qc6 Rxb1+ 39.Nxb1 Qa5 40.Qc8+ Kh7 41.
Qxf5+ Kh8 42.Qf8+ Kh7 43.Qf5+ Kh8 44.Qf8+ Kh7 45.Qf5+ 1/2-1/2

[Event "14th EUR-ch"]
[Site "Legnica POL"]
[Date "2013.05.11"]
[Round "7"]
[White "Movsesian, Sergei"]
[Black "Shimanov, Alexander"]
[Result "1/2-1/2"]
[WhiteElo "2693"]
[BlackElo "2639"]
[EventDate "2013.05.05"]
[PlyCount "51"]

1.c4 e6 2.g3 d5 3.Bg2 Nf6 4.Nf3 Be7 5.O-O O-O 6.b3 b6 7.Bb2 Bb7 8.e3 Nbd7 
9.Nc3 c5 10.Qe2 dxc4 11.bxc4 Ne4 12.Nxe4 Bxe4 13.d3 Bc6 14.a4 Bf6 15.a5 
Bxb2 16.Qxb2 Qc7 17.axb6 axb6 18.Rxa8 Rxa8 19.Ra1 h6 20.Rxa8+ Bxa8 21.Ne1 
Bxg2 22.Nxg2 Ne5 23.Ne1 Nd7 24.Ng2 Ne5 25.Ne1 Nd7 26.Ng2 1/2-1/2

[Event "14th EUR-ch"]
[Site "Legnica POL"]
[Date "2013.05.11"]
[Round "7"]
[White "Sargissian, Gabriel"]
[Black "Lenic, Luka"]
[Result "1/2-1/2"]
[WhiteElo "2667"]
[BlackElo "2621"]
[EventDate "2013.05.05"]
[PlyCount "60"]

1.d4 Nf6 2.c4 e6 3.Nf3 d5 4.Nc3 c5 5.cxd5 Nxd5 6.g3 cxd4 7.Nxd5 Qxd5 8.
Qxd4 Qb5 9.e4 Qb4+ 10.Bd2 Nc6 11.Qxb4 Bxb4 12.a3 Bxd2+ 13.Kxd2 Ke7 14.Ke3 
Bd7 15.Rc1 Rac8 16.Bb5 Ne5 17.Nxe5 Bxb5 18.Nf3 Bd7 19.Nd4 e5 20.Ne2 Rxc1 
21.Rxc1 Rc8 22.Rxc8 Bxc8 23.Nc3 Bd7 24.b4 Kd6 25.f3 f6 26.Kd2 Be8 27.Ke3 
Bd7 28.Kd2 Be8 29.Ke3 Bd7 30.Kd2 Be8 1/2-1/2

[Event "14th EUR-ch"]
[Site "Legnica POL"]
[Date "2013.05.11"]
[Round "7"]
[White "Ragger, Markus"]
[Black "Khalifman, Alexander"]
[Result "1/2-1/2"]
[WhiteElo "2666"]
[BlackElo "2614"]
[EventDate "2013.05.05"]
[PlyCount "81"]

1.d4 Nf6 2.c4 e6 3.Nf3 b6 4.g3 Bb4+ 5.Bd2 Be7 6.Bg2 c6 7.O-O d5 8.Qc2 O-O 
9.Rd1 Bb7 10.Bf4 Nbd7 11.Nc3 dxc4 12.Nd2 Nd5 13.Nxc4 Nxf4 14.gxf4 Qc7 15.
e3 Rad8 16.a4 a6 17.Rac1 Rb8 18.Ne4 c5 19.dxc5 bxc5 20.Rd2 Rfd8 21.Rcd1 
Nf6 22.Nxf6+ Bxf6 23.Rxd8+ Rxd8 24.Rxd8+ Bxd8 25.Bxb7 Qxb7 26.Ne5 Be7 27.
Qd3 f6 28.Qd7 Qxd7 29.Nxd7 Kf7 30.Kf1 Ke8 31.Nb6 Bd8 32.Nc4 Kd7 33.Ke2 Kc6
34.Kd3 Bc7 35.h3 f5 36.b3 Kd5 37.Nd2 e5 38.fxe5 Bxe5 39.f3 g5 40.e4+ fxe4+
41.fxe4+ 1/2-1/2

[Event "14th EUR-ch"]
[Site "Legnica POL"]
[Date "2013.05.11"]
[Round "7"]
[White "Bartel, Mateusz"]
[Black "Fedorchuk, Serhii"]
[Result "0-1"]
[WhiteElo "2619"]
[BlackElo "2660"]
[EventDate "2013.05.05"]
[PlyCount "86"]

1.Nf3 Nf6 2.g3 b6 3.d3 c5 4.e4 d6 5.Bg2 Bb7 6.O-O Nbd7 7.Nc3 e6 8.Re1 Ne5 
9.d4 Nxf3+ 10.Bxf3 cxd4 11.Qxd4 Be7 12.Be3 O-O 13.a4 Nd7 14.Bg2 Ne5 15.
Red1 Rc8 16.Qb4 Nc4 17.a5 Nxe3 18.fxe3 Rc5 19.axb6 axb6 20.Ra7 Bc6 21.Ra6 
Qc8 22.Rxb6 Ba8 23.Ra1 Rc7 24.Qb3 Bc6 25.Ne2 Bd7 26.c3 e5 27.Nc1 Bg5 28.
Rxd6 Rb7 29.Qc2 Bxe3+ 30.Kh1 Qb8 31.Qd3 Bb5 32.Qd1 Bxc1 33.Rxc1 Be2 34.Qd5
Rb5 35.Qc6 Rc8 36.Qa6 Rxb2 37.Qa1 h5 38.Rd5 Qb6 39.Rg1 Rxc3 40.Rxe5 Rcc2 
41.Rf5 Bg4 42.Qf1 Bh3 43.Rxf7 Qxg1+ 0-1

[Event "14th EUR-ch"]
[Site "Legnica POL"]
[Date "2013.05.11"]
[Round "7"]
[White "Shengelia, David"]
[Black "Mamedov, Rauf"]
[Result "1/2-1/2"]
[WhiteElo "2546"]
[BlackElo "2649"]
[EventDate "2013.05.05"]
[PlyCount "91"]

1.d4 Nf6 2.c4 g6 3.Nc3 Bg7 4.e4 d6 5.Nf3 O-O 6.Be2 c5 7.d5 e5 8.O-O Ne8 9.
Ne1 f5 10.f3 f4 11.g4 Bf6 12.Bd2 h5 13.h3 Rf7 14.Nd3 Rh7 15.Kg2 Nd7 16.Rh1
Bh4 17.Be1 Nf8 18.a3 a5 19.a4 Bd7 20.Bxh4 Qxh4 21.Qe1 Qe7 22.b3 g5 23.Qf2 
Ng6 24.Rag1 Nf6 25.Kf1 Kg7 26.Ke1 Rah8 27.Qf1 Qd8 28.Nf2 Qb6 29.Bd1 Qd8 
30.Be2 Kf7 31.Bd1 Nh4 32.Kd2 Rh6 33.Kd3 R8h7 34.Kd2 Qh8 35.Kd3 Ng6 36.Kd2 
Nh4 37.Kd3 Ne8 38.Kd2 Nc7 39.Be2 Na6 40.Qd1 Nb4 41.Qf1 Na6 42.Qd1 Nc7 43.
Qf1 Ne8 44.Kd3 Nf6 45.Kd2 Ng6 46.Ke1 1/2-1/2

[Event "14th EUR-ch"]
[Site "Legnica POL"]
[Date "2013.05.11"]
[Round "7"]
[White "Andriasian, Zaven"]
[Black "Eljanov, Pavel"]
[Result "1/2-1/2"]
[WhiteElo "2608"]
[BlackElo "2702"]
[EventDate "2013.05.05"]
[PlyCount "84"]

1.e4 c6 2.d4 d5 3.e5 Bf5 4.h4 h5 5.c4 e6 6.Nc3 Ne7 7.Nge2 Nd7 8.Ng3 Bg6 9.
a3 dxc4 10.Bxc4 Nb6 11.Be2 Qd7 12.Be3 O-O-O 13.Rc1 Kb8 14.Qb3 Ned5 15.a4 
Nxe3 16.fxe3 Nd5 17.Nxd5 Qxd5 18.Qxd5 cxd5 19.Kf2 Be7 20.Bf3 a6 21.Ne2 Bf5
22.Ng3 Bg6 23.Ne2 Rc8 24.Nf4 Rc2+ 25.Rxc2 Bxc2 26.Nxh5 Bxa4 27.Nxg7 Rxh4 
28.Rxh4 Bxh4+ 29.g3 Bg5 30.Nh5 Kc7 31.Nf6 Bc2 32.Bh5 Bg6 33.Bxg6 fxg6 34.
e4 Kc6 35.Ke2 a5 36.Kd3 b5 37.exd5+ exd5 38.Kc3 a4 39.b4 Bh6 40.Ng4 Bf8 
41.Ne3 Be7 42.Ng2 Bg5 1/2-1/2

[Event "14th EUR-ch"]
[Site "Legnica POL"]
[Date "2013.05.11"]
[Round "7"]
[White "Solak, Dragan"]
[Black "Jobava, Baadur"]
[Result "1/2-1/2"]
[WhiteElo "2602"]
[BlackElo "2702"]
[EventDate "2013.05.05"]
[PlyCount "174"]

1.e4 c5 2.Nf3 Nc6 3.Bb5 e5 4.O-O Bd6 5.c3 Nge7 6.d4 cxd4 7.cxd4 exd4 8.
Nxd4 a6 9.Bc4 O-O 10.Nf3 Qc7 11.Bb3 b5 12.Nc3 Bb7 13.Nd5 Nxd5 14.Bxd5 Rae8
15.Be3 Bf4 16.Bxf4 Qxf4 17.a4 Rb8 18.axb5 axb5 19.Qb3 Ne5 20.Nxe5 Qxe5 21.
Bxb7 Rxb7 22.Rfe1 Qe6 23.Qd3 h6 24.Rac1 b4 25.b3 Ra8 26.g3 Rbb8 27.Rc4 Ra2
28.Kg2 h5 29.h4 g6 30.Rd1 Ra3 31.Qc2 d6 32.Rdd4 Kg7 33.Rd3 Kg8 34.Rdd4 Kg7
35.Rd3 Kg8 36.Qd1 Rb6 37.Qc1 Kh7 38.Qd1 Kg8 39.Qc1 Kh7 40.Qc2 Rb5 41.Qd1 
Rb6 42.Rf3 Rb7 43.Qd3 Ra6 44.Qd4 Rab6 45.Rf6 Qe7 46.Rc8 Qe5 47.Rxd6 Qxd4 
48.Rxd4 Ra6 49.e5 Re6 50.f4 Kg7 51.Rdd8 f6 52.Rg8+ Kh7 53.exf6 Rxf6 54.
Rh8+ Kg7 55.Rcg8+ Kf7 56.Rh7+ Kxg8 57.Rxb7 Rc6 58.Rxb4 Rc2+ 59.Kf3 Rc3+ 
60.Kf2 Kf7 61.Rb7+ Kf6 62.Rb6+ Kf5 63.Rb5+ Kf6 64.b4 Rb3 65.Rb6+ Kf5 66.
Rb5+ Kf6 67.Rb8 Kf5 68.Rb6 Rb2+ 69.Kf3 Rb3+ 70.Kf2 Rb2+ 71.Kf3 Rb3+ 72.Kg2
Rb2+ 73.Kh3 Rb1 74.Rb5+ Ke4 75.Kg2 Rb2+ 76.Kh3 Kf3 77.Ra5 Rb1 78.Ra3+ Kf2 
79.Ra2+ Kf3 80.Ra3+ Kf2 81.Kh2 Rxb4 82.f5 gxf5 83.Ra5 f4 84.gxf4 Kf3 85.
Rxh5 Rb2+ 86.Kg1 Rb1+ 87.Kh2 Rb2+ 1/2-1/2

[Event "14th EUR-ch"]
[Site "Legnica POL"]
[Date "2013.05.11"]
[Round "7"]
[White "Wojtaszek, Radoslaw"]
[Black "Salgado Lopez, Ivan"]
[Result "1-0"]
[WhiteElo "2701"]
[BlackElo "2598"]
[EventDate "2013.05.05"]
[PlyCount "89"]

1.d4 d5 2.c4 e6 3.Nc3 Be7 4.cxd5 exd5 5.Bf4 c6 6.Qc2 Bd6 7.Bxd6 Qxd6 8.e3 
Qg6 9.Qd2 Ne7 10.Nge2 O-O 11.Nf4 Qd6 12.Be2 Nd7 13.O-O Ng6 14.Nd3 Nf6 15.
f3 b6 16.Nf2 Bb7 17.Rad1 Rad8 18.Rfe1 c5 19.Qc2 Qe7 20.Bf1 a6 21.Qb3 b5 
22.dxc5 Qxc5 23.a4 Bc6 24.axb5 axb5 25.Nd3 Qc4 26.Qa3 Ra8 27.Nb4 Qc5 28.
Qb3 Rfd8 29.Nxc6 Qxc6 30.Qxb5 Qe6 31.Qc5 Rac8 32.Qd4 Qe7 33.Nb5 Nf8 34.Rc1
Ne6 35.Qd2 h5 36.Rxc8 Rxc8 37.b4 Nd7 38.Nd4 Nb6 39.Nxe6 fxe6 40.Qd4 Nc4 
41.Rb1 Na3 42.Rb3 Nc2 43.Qe5 Ra8 44.b5 Ra1 45.Rc3 1-0

[Event "14th EUR-ch"]
[Site "Legnica POL"]
[Date "2013.05.11"]
[Round "7"]
[White "Babula, Vlastimil"]
[Black "Berkes, Ferenc"]
[Result "1/2-1/2"]
[WhiteElo "2591"]
[BlackElo "2688"]
[EventDate "2013.05.05"]
[PlyCount "80"]

1.d4 Nf6 2.c4 e6 3.Nc3 Bb4 4.e3 O-O 5.Bd3 c5 6.Nf3 Nc6 7.O-O Bxc3 8.bxc3 
d6 9.h3 e5 10.e4 h6 11.Be3 b6 12.d5 Ne7 13.Kh2 Nh7 14.Nd2 f5 15.exf5 Bxf5 
16.Qc2 Bxd3 17.Qxd3 Nf5 18.g4 Nxe3 19.fxe3 Qh4 20.Qe2 Qe7 21.Ne4 Ng5 22.
Qg2 Rab8 23.a4 g6 24.Nxg5 hxg5 25.Qe4 Kg7 26.Kg2 Qd7 27.Qc2 e4 28.Rxf8 
Rxf8 29.Rf1 Qe7 30.Rxf8 Kxf8 31.Qb1 Qe5 32.Kh1 Qe8 33.Qc2 Qe7 34.Qb1 Kg7 
35.Kg2 Kh6 36.Qc2 Qe8 37.Kh1 Qf7 38.Qxe4 Qf1+ 39.Kh2 Qf2+ 40.Kh1 Qf1+ 
1/2-1/2

[Event "14th EUR-ch"]
[Site "Legnica POL"]
[Date "2013.05.11"]
[Round "7"]
[White "Grachev, Boris"]
[Black "Kulaots, Kaido"]
[Result "1/2-1/2"]
[WhiteElo "2687"]
[BlackElo "2586"]
[EventDate "2013.05.05"]
[PlyCount "117"]

1.Nf3 g6 2.e4 c5 3.c4 Bg7 4.d4 Qb6 5.dxc5 Qxc5 6.a3 d6 7.Be2 Bg4 8.O-O Nc6
9.b4 Qb6 10.Be3 Qd8 11.Ra2 Nf6 12.Nc3 Nd7 13.Rc2 O-O 14.h3 Bxf3 15.Bxf3 a5
16.b5 Nce5 17.Be2 Nb6 18.Nd5 Nxd5 19.cxd5 Nd7 20.Qd2 Nc5 21.Bxc5 dxc5 22.
Rxc5 Qd6 23.Rfc1 b6 24.Rc6 Qxa3 25.Rxb6 a4 26.Ra6 Be5 27.Rc4 Qa1+ 28.Qd1 
Qxd1+ 29.Bxd1 a3 30.Bb3 Rab8 31.Rxa3 Rxb5 32.Bc2 Rfb8 33.g3 Bd6 34.Re3 f6 
35.h4 Rc5 36.Rxc5 Bxc5 37.Rc3 Bd6 38.Kg2 Kg7 39.f4 Ra8 40.Kf3 Ra1 41.Bb3 
Rb1 42.Bc4 Rb2 43.Bd3 Ra2 44.Bc2 Bb4 45.Rc4 Ra3+ 46.Kf2 Bd6 47.Rc8 Kf7 48.
Bd1 Kg7 49.Be2 Rb3 50.Rc6 Ra3 51.Ba6 Rb3 52.Bc8 Rb2+ 53.Ke3 Rb3+ 54.Kd4 
Rb4+ 55.Rc4 h6 56.Be6 Rxc4+ 57.Kxc4 g5 58.e5 fxe5 59.fxg5 1/2-1/2

[Event "14th EUR-ch"]
[Site "Legnica POL"]
[Date "2013.05.11"]
[Round "7"]
[White "Khairullin, Ildar"]
[Black "Kislinsky, Alexey"]
[Result "1-0"]
[WhiteElo "2657"]
[BlackElo "2574"]
[EventDate "2013.05.05"]
[PlyCount "65"]

1.d4 Nf6 2.c4 g6 3.Nc3 Bg7 4.e4 d6 5.Nf3 O-O 6.h3 c5 7.d5 e6 8.Bd3 exd5 9.
exd5 Re8+ 10.Be3 Bf5 11.Bxf5 gxf5 12.O-O Ne4 13.Ne2 Nd7 14.Qc2 Rb8 15.Rae1
b5 16.cxb5 Rxb5 17.b3 Qf6 18.Bc1 Rbb8 19.Nf4 Nb6 20.Nh5 Qc3 21.Qd1 Kh8 22.
Re2 c4 23.Rc2 Qd3 24.Nxg7 Qxd1 25.Rxd1 Kxg7 26.bxc4 Rec8 27.Rd4 Na4 28.Nh4
Kf6 29.g4 Rb4 30.Nxf5 Nec3 31.Nxd6 Ke5 32.Nxc8 Kxd4 33.d6 1-0

[Event "14th EUR-ch"]
[Site "Legnica POL"]
[Date "2013.05.11"]
[Round "7"]
[White "Iordachescu, Viorel"]
[Black "Gajewski, Grzegorz"]
[Result "1-0"]
[WhiteElo "2582"]
[BlackElo "2653"]
[EventDate "2013.05.05"]
[PlyCount "119"]

1.c4 Nf6 2.Nc3 e6 3.e4 d5 4.e5 d4 5.exf6 dxc3 6.bxc3 Qxf6 7.Nf3 b6 8.d4 
Bb7 9.Bd3 Bxf3 10.gxf3 Nd7 11.Be4 Rd8 12.Rg1 h6 13.Be3 Bd6 14.Qd2 g5 15.h3
c5 16.Rd1 Bf4 17.Qc2 Ke7 18.Ke2 Rc8 19.Qa4 Bxe3 20.fxe3 a5 21.Rd2 Rhd8 22.
Rgd1 h5 23.Qb5 g4 24.f4 Qh8 25.h4 Rb8 26.Bg2 Rdc8 27.d5 e5 28.d6+ Kd8 29.
Qb1 exf4 30.exf4 Qxc3 31.Qe4 Qf6 32.Qe7+ Qxe7+ 33.dxe7+ Kxe7 34.Rxd7+ Kf8 
35.a4 Re8+ 36.Kf2 Re6 37.Rd8+ Rxd8 38.Rxd8+ Kg7 39.Bd5 Rf6 40.Ke3 g3 41.
Kf3 g2 42.Kxg2 Rxf4 43.Rd6 Rxh4 44.Rxb6 Rg4+ 45.Kh2 Rh4+ 46.Kg3 Rg4+ 47.
Kh3 Rd4 48.Rb5 Kg6 49.Rxc5 f5 50.Rxa5 Kg5 51.Rb5 Rd3+ 52.Kg2 h4 53.Be6 h3+
54.Kh2 Kh4 55.Rb2 f4 56.Rf2 f3 57.Bd5 Ra3 58.Bxf3 Rxa4 59.Rc2 Ra5 60.Bd5 
1-0

[Event "14th EUR-ch"]
[Site "Legnica POL"]
[Date "2013.05.11"]
[Round "7"]
[White "Istratescu, Andrei"]
[Black "Papp, Gabor"]
[Result "1-0"]
[WhiteElo "2651"]
[BlackElo "2570"]
[EventDate "2013.05.05"]
[PlyCount "109"]

1.d4 Nf6 2.c4 e6 3.Nf3 d5 4.Nc3 c5 5.cxd5 Nxd5 6.e3 cxd4 7.exd4 Bb4 8.Bd2 
Nc6 9.Bd3 O-O 10.O-O Be7 11.a3 Bf6 12.Be3 g6 13.Bh6 Re8 14.Bb5 Nxc3 15.
bxc3 Bd7 16.Re1 Rc8 17.Bf1 Ne7 18.Bd2 Nc6 19.Rb1 e5 20.dxe5 Nxe5 21.Nxe5 
Bxe5 22.Rxb7 Rc7 23.Rb4 Qf6 24.Rbe4 Bc6 25.R4e3 Rce7 26.g3 Bd6 27.Rxe7 
Rxe7 28.Be3 Re8 29.a4 a5 30.Bb5 Bxb5 31.axb5 Qxc3 32.b6 Qc6 33.Qa1 a4 34.
Rc1 Qe4 35.Qd4 Qxd4 36.Bxd4 a3 37.b7 a2 38.Rc8 Kf8 39.Bf6 g5 40.Kg2 g4 41.
f4 Bb8 42.f5 h5 43.Rc2 a1=Q 44.Bxa1 Ke7 45.Rd2 Rg8 46.Bc3 Bd6 47.Bd4 Rb8 
48.Rb2 Rd8 49.Ba7 Bb8 50.Bxb8 Rxb8 51.Kf2 f6 52.Rb6 Kd8 53.Ke3 Kc7 54.Rxf6
Re8+ 55.Re6 1-0

[Event "14th EUR-ch"]
[Site "Legnica POL"]
[Date "2013.05.11"]
[Round "7"]
[White "Socko, Bartosz"]
[Black "Parligras, Mircea"]
[Result "1/2-1/2"]
[WhiteElo "2647"]
[BlackElo "2570"]
[EventDate "2013.05.05"]
[PlyCount "129"]

1.d4 Nf6 2.c4 e6 3.Nc3 Bb4 4.Qc2 O-O 5.a3 Bxc3+ 6.Qxc3 d6 7.g3 e5 8.Bg2 
Qe7 9.dxe5 dxe5 10.Nf3 Nc6 11.O-O Re8 12.b4 e4 13.Nd4 Nxd4 14.Qxd4 Bg4 15.
f3 exf3 16.exf3 Bf5 17.Bb2 a5 18.g4 Rad8 19.Qc3 Rd3 20.Rae1 Rxc3 21.Rxe7 
Rxe7 22.Bxc3 Be6 23.Re1 axb4 24.axb4 Re8 25.Bf1 Nd7 26.Ra1 Nb6 27.c5 Nd5 
28.Bd2 c6 29.Ra7 Rb8 30.Bc4 h6 31.h4 f6 32.h5 Nc7 33.Bxe6+ Nxe6 34.Kf2 Rd8
35.Be3 Rd7 36.b5 Nd8 37.b6 Ne6 38.f4 Kf7 39.f5 Ng5 40.Ra8 Ne4+ 41.Kf3 Ng5+
42.Kg2 Rd3 43.Kf2 Ne4+ 44.Ke2 Rd7 45.Rb8 Ke7 46.Kf3 Ng5+ 47.Kf2 Ne4+ 48.
Ke2 Kf7 49.Bg1 Ke7 50.Kf3 Nd2+ 51.Kf4 Nb3 52.Be3 Na5 53.Kf3 Rd8 54.Rxd8 
Kxd8 55.Ke4 Nc4 56.Bf4 Ke8 57.Kd3 Na3 58.Bc1 Nb5 59.Bb2 Kf7 60.Ke4 Ke7 61.
Kf3 Kf7 62.Kf4 Ke7 63.Kf3 Kf7 64.Kf4 Ke7 65.Ke4 1/2-1/2

[Event "14th EUR-ch"]
[Site "Legnica POL"]
[Date "2013.05.11"]
[Round "7"]
[White "Kotronias, Vasilios"]
[Black "Petrosian, Tigran L."]
[Result "0-1"]
[WhiteElo "2580"]
[BlackElo "2645"]
[EventDate "2013.05.05"]
[PlyCount "84"]

1.e4 e5 2.Nf3 Nc6 3.Bb5 Nf6 4.O-O Nxe4 5.d4 Nd6 6.Bxc6 dxc6 7.dxe5 Nf5 8.
Qxd8+ Kxd8 9.Nc3 Ke8 10.h3 h5 11.g3 Ne7 12.Kh2 Bf5 13.Nd4 Bh7 14.Bg5 Nf5 
15.Nf3 Ne7 16.Rac1 Nd5 17.Nxd5 cxd5 18.Rfd1 Be7 19.Bxe7 Kxe7 20.Ng5 Rad8 
21.Rd4 Bg6 22.b4 c6 23.c3 Rhe8 24.h4 Kf8 25.Re1 Re7 26.e6 Rde8 27.exf7 
Rxe1 28.fxe8=Q+ Kxe8 29.b5 Re2 30.bxc6 bxc6 31.Ra4 Rxf2+ 32.Kg1 Rc2 33.
Rxa7 Rxc3 34.Rxg7 Bf5 35.a4 d4 36.Kf2 Rc2+ 37.Ke1 d3 38.Rg8+ Kd7 39.Nf7 
Ke7 40.Nh6 Be4 41.Rg7+ Ke6 42.Rg8 d2+ 0-1

[Event "14th EUR-ch"]
[Site "Legnica POL"]
[Date "2013.05.11"]
[Round "7"]
[White "Esen, Baris"]
[Black "Postny, Evgeny"]
[Result "0-1"]
[WhiteElo "2557"]
[BlackElo "2637"]
[EventDate "2013.05.05"]
[PlyCount "66"]

1.d4 d5 2.c4 dxc4 3.Nf3 Nf6 4.e3 e6 5.Bxc4 a6 6.O-O b5 7.Bd3 Bb7 8.Qe2 
Nbd7 9.a4 b4 10.e4 Be7 11.Nbd2 O-O 12.e5 Nd5 13.Ne4 Re8 14.a5 g6 15.h4 c5 
16.Bg5 cxd4 17.Nd6 Nxe5 18.Nxe8 Nxf3+ 19.Qxf3 Qxe8 20.Rfe1 Qd8 21.Qg3 Bd6 
22.Qg4 Nf6 23.Bxf6 Qxf6 24.Be4 Bxe4 25.Qxe4 Rd8 26.Rac1 d3 27.Red1 Qxb2 
28.Rc6 b3 29.Rxa6 Bc5 30.Qf3 Rd5 31.Rc6 Rf5 32.Qxf5 gxf5 33.Rxc5 Qc2 0-1

[Event "14th EUR-ch"]
[Site "Legnica POL"]
[Date "2013.05.11"]
[Round "7"]
[White "Kovalev, Vladislav"]
[Black "Nyzhnyk, Illya"]
[Result "1-0"]
[WhiteElo "2523"]
[BlackElo "2635"]
[EventDate "2013.05.05"]
[PlyCount "95"]

1.e4 e6 2.d4 d5 3.Nd2 c5 4.exd5 Qxd5 5.Ngf3 cxd4 6.Bc4 Qd7 7.O-O Nc6 8.Nb3
Nf6 9.Nbxd4 Nxd4 10.Nxd4 a6 11.Re1 b5 12.Bb3 Bb7 13.Bg5 Ne4 14.Bh4 g5 15.
Bg3 Bg7 16.c3 h5 17.Qc2 Bxd4 18.Rxe4 Bg7 19.Rd1 Qxd1+ 20.Qxd1 Bxe4 21.Qd6 
Rd8 22.Qxa6 O-O 23.Qxb5 Bf5 24.Qe2 h4 25.Be5 Rd7 26.h3 Kh7 27.f4 f6 28.Bd4
e5 29.fxe5 fxe5 30.Be3 Kh6 31.Bd1 Bf6 32.Qf3 Be7 33.Qh5+ Kg7 34.Ba4 Bg6 
35.Qg4 Rd3 36.Qe2 Rb8 37.Bb3 Bf6 38.Bc4 Rdd8 39.Bb3 e4 40.Qg4 Rb5 41.Qe6 
Rf5 42.Qb6 Rf8 43.Qb7+ Kh6 44.Be6 Ra5 45.Qb6 Raa8 46.Bb3 Rab8 47.Qe6 Rbe8 
48.Bc5 1-0

[Event "14th EUR-ch"]
[Site "Legnica POL"]
[Date "2013.05.11"]
[Round "7"]
[White "l`Ami, Erwin"]
[Black "Kreisl, Robert"]
[Result "1-0"]
[WhiteElo "2634"]
[BlackElo "2380"]
[EventDate "2013.05.05"]
[PlyCount "137"]

1.e4 c6 2.d4 d5 3.Nc3 dxe4 4.Nxe4 Bf5 5.Qf3 e6 6.Ne2 Bxe4 7.Qxe4 Nf6 8.Qf3
Qd5 9.Qb3 Qxb3 10.axb3 Na6 11.c3 Nc7 12.Nf4 Bd6 13.Nd3 O-O 14.g3 Rfe8 15.
Bg2 e5 16.dxe5 Bxe5 17.O-O Bd6 18.Be3 a6 19.b4 Rad8 20.Nc5 Bxc5 21.Bxc5 
Ne6 22.Be3 Nd5 23.Bc1 Nb6 24.Re1 Nc4 25.f4 g6 26.Re2 Rd1+ 27.Kf2 Red8 28.
Re1 R1d6 29.Be4 Nd2 30.Bc2 c5 31.bxc5 Nxc5 32.Bxd2 Rxd2+ 33.Re2 Nd3+ 34.
Bxd3 R8xd3 35.Ke1 Rxe2+ 36.Kxe2 Rd6 37.Ra5 Re6+ 38.Kd2 Rd6+ 39.Ke3 Kf8 40.
Rc5 Ke7 41.Rc7+ Rd7 42.Rc8 f5 43.h3 Kd6 44.g4 Re7+ 45.Kf3 Re1 46.Rd8+ Kc6 
47.gxf5 gxf5 48.Rf8 Rb1 49.Rf6+ Kc5 50.Rxf5+ Kc4 51.Rf7 Rxb2 52.Rc7+ Kd3 
53.f5 Rb1 54.Kg4 Rg1+ 55.Kf4 b5 56.Rc5 Rf1+ 57.Ke5 Re1+ 58.Kd6 a5 59.Rxb5 
a4 60.Ra5 Rf1 61.Rxa4 Rxf5 62.c4 Rf4 63.Kc5 Rh4 64.Kb5 Ke2 65.Ra3 Rd4 66.
c5 Rd1 67.c6 Rc1 68.Ra4 Kf3 69.Rc4 1-0

[Event "14th EUR-ch"]
[Site "Legnica POL"]
[Date "2013.05.11"]
[Round "7"]
[White "Kanarek, Marcel"]
[Black "Guseinov, Gadir"]
[Result "0-1"]
[WhiteElo "2474"]
[BlackElo "2623"]
[EventDate "2013.05.05"]
[PlyCount "100"]

1.d4 g6 2.c4 Bg7 3.Nc3 d6 4.e4 Nf6 5.f3 O-O 6.Be3 Nc6 7.Nge2 a6 8.Qd2 Na5 
9.Nc1 Bd7 10.Rb1 Nc6 11.N1e2 Na5 12.Nc1 Nc6 13.N1e2 Na5 14.Ng3 h5 15.d5 b5
16.cxb5 axb5 17.b4 Nc4 18.Bxc4 bxc4 19.O-O e6 20.Bh6 h4 21.Bxg7 Kxg7 22.
Nge2 exd5 23.exd5 Bf5 24.Rbc1 Bd3 25.Rfe1 Qb8 26.Nf4 Qxb4 27.Re7 Kg8 28.
Kh1 Rfe8 29.Rxe8+ Rxe8 30.Re1 Rxe1+ 31.Qxe1 Qc5 32.Qg1 Qa5 33.Qd4 Qa3 34.
h3 Qc1+ 35.Kh2 Nd7 36.Nxd3 cxd3 37.Qxd3 Qf4+ 38.Kh1 Ne5 39.Qd1 Qc4 40.Qe1 
Nd3 41.Qd2 Nf4 42.Kh2 Nh5 43.Ne2 Qc5 44.Qd1 Nf6 45.Qa4 g5 46.f4 g4 47.hxg4
Qf2 48.Qb5 Nxg4+ 49.Kh3 Ne3 50.g3 Qf3 0-1

[Event "14th EUR-ch"]
[Site "Legnica POL"]
[Date "2013.05.11"]
[Round "7"]
[White "Gallagher, Joseph"]
[Black "Melkumian, Hrant"]
[Result "0-1"]
[WhiteElo "2507"]
[BlackElo "2622"]
[EventDate "2013.05.05"]
[PlyCount "80"]

1.e4 e5 2.Nf3 Nc6 3.Nc3 Nf6 4.d4 exd4 5.Nxd4 Bc5 6.Be3 Bb6 7.Nxc6 bxc6 8.
e5 Bxe3 9.fxe3 Nd5 10.Nxd5 cxd5 11.Qd4 Qe7 12.O-O-O Bb7 13.Be2 O-O 14.Bf3 
c6 15.c4 dxc4 16.Qxc4 Bc8 17.Rhf1 Rb8 18.Qd4 Rb5 19.Qxa7 Qxe5 20.Qd4 Qxh2 
21.a4 Ra5 22.Be4 Qe5 23.Bc2 Qxd4 24.Rxd4 Rg5 25.Rf2 d5 26.b4 Re8 27.Kd2 h5
28.b5 cxb5 29.axb5 Bb7 30.Bb3 Rge5 31.e4 Rxe4 32.Rxe4 Rxe4 33.Kc3 h4 34.
Rd2 d4+ 35.Kb4 d3+ 36.Kc5 Re5+ 37.Kb6 Rg5 38.Bc4 Bxg2 39.Rxd3 h3 40.Rd8+ 
Kh7 0-1

[Event "14th EUR-ch"]
[Site "Legnica POL"]
[Date "2013.05.11"]
[Round "7"]
[White "Popov, Ivan"]
[Black "Nasuta, Grzegorz"]
[Result "1-0"]
[WhiteElo "2620"]
[BlackElo "2299"]
[EventDate "2013.05.05"]
[PlyCount "53"]

1.e4 c5 2.Nf3 d6 3.d4 cxd4 4.Nxd4 Nf6 5.Nc3 a6 6.Be3 e6 7.g4 e5 8.Nf5 h5 
9.g5 Nxe4 10.Nxg7+ Bxg7 11.Nxe4 d5 12.Ng3 e4 13.c3 Bg4 14.Be2 Bxe2 15.Qxe2
Nc6 16.O-O-O Qa5 17.Kb1 O-O-O 18.Nxh5 Be5 19.f4 exf3 20.Qxf3 Bxc3 21.bxc3 
Qxc3 22.Qg4+ Kb8 23.Bc1 Qc5 24.Bb2 d4 25.Nf6 Ka8 26.Rd2 Nb4 27.a3 1-0